000 00563nam a2200193Ia 4500
003 GCL
008 140319s9999 xx 000 0 ara d
040 _aGCL /
_cGCL
082 0 4 _a243
_bا ا
100 1 _aالسيد الجميلى
245 1 0 _aاحوال الموتى وسؤال الملكين فى القبر /
_cالسيد الجميلى
260 _a[S.N] :
_bمكتبة التراث الاسلامى ،
_c1984
300 _a142 ص
490 _a
650 0 4 _aالاسلام
650 0 4 _aالمقابر
650 0 4 _aالموت
942 _2ddc
_cBK
999 _c54144
_d54144